Missing Word: The Big Lebowski Soundtrack Quiz Stats

 Plays Quiz Updated Feb 26, 2016

Challenge
Share
Tweet
Embed
Score 0/12 Timer 03:00
1 Play Today
Song Missing Word % Correct
Lookin' Out My ____ DoorBack
94.1%
____ CaliforniaHotel
89.1%
Requiem In D ____Minor
85.5%
____ Las VegasViva
83.3%
____ Dropped In (To See What Condition My Condition Was In)Just
73.6%
The Man ____ MeIn
68.4%
Oye ____ VaComo
58.6%
____ Through The JungleRun
45%
Behave ____Yourself
44.1%
My Mood ____Swings
22.8%
'Branded' ____ SongTheme
16.4%
Dead ____Flowers
9.8%

Today's Daily Dose

You're not logged in!

Compare scores with friends on all Sporcle quizzes.
Join for Free
OR
Log In

You Might Also Like...

Show Comments

Extras

Top Quizzes Today


Score Distribution

Your Account Isn't Verified!

In order to create a playlist on Sporcle, you need to verify the email address you used during registration. Go to your Sporcle Settings to finish the process.

Report this User

Report this user for behavior that violates our Community Guidelines.

Details: